Tính trơn của nghiệm suy rộng của bài toán biên ban đầu thứ nhất đối với Parabolic mạnh trong hình trụ hữu hạn đáy không trơn : Luận văn tốt nghiệp cao học. Chuyên ngành Toán Giải Tích
Luận văn trình bày một số kiến thức về không gian hàm, khảo sát tính trơn của nghiệm của bài toán và một số ý nghĩa vật lý của nghiệm bài toán
Gardado en:
| Autor Principal: | |
|---|---|
| Formato: | Libro |
| Idioma: | Undetermined |
| Publicado: |
Cần Thơ
Trường Đại học Cần Thơ
2016
|
| Những chủ đề: | |
| Các nhãn: |
Engadir etiqueta
Sen Etiquetas, Sexa o primeiro en etiquetar este rexistro!
|
| Thư viện lưu trữ: | Trung tâm Học liệu Trường Đại học Cần Thơ |
|---|
| LEADER | 01176nam a2200217Ia 4500 | ||
|---|---|---|---|
| 001 | CTU_217246 | ||
| 008 | 210402s9999 xx 000 0 und d | ||
| 082 | |a 515.353 | ||
| 082 | |b Ng419 | ||
| 088 | |a 60460102 | ||
| 100 | |a Huỳnh, Dương Thảo Ngọc | ||
| 245 | 0 | |a Tính trơn của nghiệm suy rộng của bài toán biên ban đầu thứ nhất đối với Parabolic mạnh trong hình trụ hữu hạn đáy không trơn : | |
| 245 | 0 | |b Luận văn tốt nghiệp cao học. Chuyên ngành Toán Giải Tích | |
| 245 | 0 | |c Huỳnh Dương Thảo Ngọc ; Phùng Kim Chức ( Cán bộ hướng dẫn) | |
| 260 | |a Cần Thơ | ||
| 260 | |b Trường Đại học Cần Thơ | ||
| 260 | |c 2016 | ||
| 520 | |a Luận văn trình bày một số kiến thức về không gian hàm, khảo sát tính trơn của nghiệm của bài toán và một số ý nghĩa vật lý của nghiệm bài toán | ||
| 650 | |a Phương trình đạo hàm,Differential equations | ||
| 904 | |i Anh Thư (Nguyên) | ||
| 980 | |a Trung tâm Học liệu Trường Đại học Cần Thơ | ||